000 00345nam a2200145Ia 4500
008 191201s2008 xx 000 0 und d
082 _a005.7575
_bBAO
100 _aBAYROSS, Ivan
245 0 _aOracle Developer 2000 Forms 6i
250 _aRep.
260 _aN.Delhi
_bBPB Publication
_c2008
300 _a357
650 _aMCA
942 _2ddc
_cBK
999 _c3773
_d3773